000 00431nam a22001697a 4500
003 NUST - PNEC
005 20170116180757.0
008 150407b xxu||||| |||| 00| 0 eng d
040 _cLIBRARY
082 _a297.352 MUM
100 _92165
_aMumtaz Mufti
245 _aLabeek
_cMumtaz Mufti
260 _aLahore:
_bDowa Publications,
_cc2012.
300 _a304 p. :
_c22 cm.
650 _92167
_aHaj, Umra
_xIslam
942 _2ddc
_cBK
999 _c62782
_d62782